000 00750nam a2200205Ia 4500
005 20260121110255.0
008 008 260114s9999 xx 000 0 hin d
020 _a9788132352396
037 _aEBOOK
040 _aCRL
_bhin
_cCRL
041 _ahin
_2hin
084 _qCRL
100 _aगायत्री यादव / Gayatri Yadav
_9944172
245 0 _aविधिशास्त्र एवं भारतीय दण्ड प्रक्रिया संहिता / Vidhishastra aur Bhartiya Dand Prakriya Sanhita
260 _bभाषा प्रकाशन / Bhasha Prakashan
_c2020
856 _uhttps://bhashaprakashan.com/product-details/378579
942 _cEBOOK
999 _c1535836
_d1535836